000 00490nam a2200169 i 4500
001 66135
003 ES-MaACL
005 20230906165542.0
007 t|
008 040127s1925 gw ||||1| spa d
100 1 _aGaibrois de Ballesteros, Mercedes,
_d1891-1960
_953243
245 1 0 _aFray Munis de Zamora /
_cMercedes Gaibrois de Ballesteros.
260 _aMünster :
_bAschendorchen,
_c1925.
300 _a10 h. ;
_c25 cm.
852 _aES-MaACL
_j1702-F4
999 _c66135
_d66135